000 00831nam a2200205 a 4500
003 0
005 20250319141419.0
008 080916s19uu xx 00 eng d
050 _aPHS HB 615
_b.L473 2008
100 _aLedesma, Denise Lora B.
245 _aAwareness of social entrepreneurship and sense of social responsibility of college students taking up business related courses /
_cDenise Lora B. Ledesma.
260 _aLas PiƱas City, Philippines :
_bSouthville International School and Colleges,
_c2008.
300 _a36 pages :
_billustrations ;
_c28 cm.
504 _aIncludes bibliographical references.
650 _aSocial entrepreneurship.
650 _aBusiness students
_xSocial responsibility.
650 _aCorporate social responsibility.
650 _aEntrepreneurship
_xEthical aspects.
942 _2lcc
_cPASS
999 _c98050
_d98050